SAHITYA SAMALUCHANA : PRASANGA ASOMIYA SAHITYA (Record no. 20185)
[ view plain ]
| 000 -LEADER | |
|---|---|
| fixed length control field | 00414cam a2200169ua 4500 |
| 008 - FIXED-LENGTH DATA ELEMENTS--GENERAL INFORMATION | |
| fixed length control field | 140719n II |||gr||||Z||||||asm |
| 040 ## - CATALOGING SOURCE | |
| Original cataloging agency | MAIN |
| 041 ## - LANGUAGE CODE | |
| -- | English |
| 082 ## - DEWEY DECIMAL CLASSIFICATION NUMBER | |
| Classification number | BOR |
| 100 ## - MAIN ENTRY--PERSONAL NAME | |
| Personal name | BORMUDAI, DR. ANANDA. |
| 245 ## - TITLE STATEMENT | |
| Title | SAHITYA SAMALUCHANA : PRASANGA ASOMIYA SAHITYA |
| 250 ## - EDITION STATEMENT | |
| Edition statement | 1ST. |
| 260 ## - PUBLICATION, DISTRIBUTION, ETC. | |
| Place of publication, distribution, etc. | GUWAHATI: |
| Name of publisher, distributor, etc. | ASOM PUBLISHING CO., |
| Date of publication, distribution, etc. | 2013. |
| 300 ## - PHYSICAL DESCRIPTION | |
| Extent | 138: |
| Dimensions | 20CM. |
| 942 ## - ADDED ENTRY ELEMENTS (KOHA) | |
| Koha item type | Books |
| Withdrawn status | Lost status | Damaged status | Not for loan | Collection code | Home library | Current library | Shelving location | Date acquired | Total Checkouts | Full call number | Barcode | Date last seen | Date last checked out | Copy number | Price effective from | Koha item type | Public note |
|---|---|---|---|---|---|---|---|---|---|---|---|---|---|---|---|---|---|
| TBASM | Central Library and Information Centre Sibsagar Girls College | Central Library and Information Centre Sibsagar Girls College | ASSAMESE BOOK RACK | 15.07.2014 | 1 | BOR | 30923 | 31.05.2022 | 13.05.2022 | 1 | 27.02.2020 | Books | V |